| 000 | 00873cam a22002411 4500 | ||
|---|---|---|---|
| 001 | ca 31000425 | ||
| 003 | DLC | ||
| 005 | 20260227111125.0 | ||
| 008 | 850617s1895 fr 100 0 eng | ||
| 010 | _aca 31000425 | ||
| 035 | _a(OCoLC)12168183 | ||
| 040 |
_aDLC _cDSI _dDLC |
||
| 050 | 0 | 0 |
_aQL353 _b.I7 1889c |
| 082 | _a590.1 | ||
| 111 | 2 |
_aInternational Congress of Zoology. _n1st, _cParis, _d1889. |
|
| 245 | 1 | 0 |
_aRégles de la nomenclature des êtres organisés, _cadoptées par les Congrés internationaux de zoologie (Paris, 1889; Moscou, 1892) |
| 260 |
_aParis, _bSociété zoologique de France, _c1895. |
||
| 300 |
_a16 p. _c25 cm. |
||
| 500 | _aIntroduction signed: Dr. Raphael Blanchard. | ||
| 650 | 0 |
_aAnimals _vNomenclature. |
|
| 711 | 2 |
_aInternational Congress of Zoology. _n2d, _cMoscow, _d1892. |
|
| 700 | 1 |
_aBlanchard, Raphaël Anatole Émile, _d1857-1919. |
|
| 999 |
_c16804 _d16804 |
||